Materiály pre elektrické kontakty
Uložené v:
| Hlavný autor: | |
|---|---|
| Ďalší autori: | |
| Médium: | Rukopis Kniha |
| Jazyk: | Slovak |
| Vydavateľské údaje: |
2025
|
| Predmet: | |
| On-line prístup: | http://is.stuba.sk/zp/portal_zp.pl?podrobnosti=178194 |
| Tagy: |
Žiadne tagy, Buďte prvý, kto otaguje tento záznam!
|
MARC
| LEADER | 00000ntm a22000003a 4500 | ||
|---|---|---|---|
| 001 | stuzp102295 | ||
| 003 | SK-STU | ||
| 005 | 20250913210352.4 | ||
| 007 | ta | ||
| 008 | 150427s2015----xo-----f-mn---000-0-slo-d | ||
| 040 | |a STU |b slo | ||
| 041 | 0 | |a slo | |
| 100 | 1 | |a Holoveshkin, Danyil |u 032000 |4 aut |U FEI Fakulta elektrotechniky a informatiky |T FEI Ústav elektroenergetiky a aplikovanej elektrotechniky |X 122427 |U E020 |Y 548 |7 122427 | |
| 242 | 0 | 1 | |a Materials for Electric Contacts |y eng |
| 245 | 1 | 0 | |a Materiály pre elektrické kontakty |
| 260 | |c 2025 | ||
| 650 | 4 | |a materiály |2 slo | |
| 650 | 4 | |a meracie metódy |2 slo | |
| 650 | 4 | |a Elektrické kontakty |2 slo | |
| 650 | 4 | |a odpor |2 slo | |
| 650 | 4 | |a výkonové kontakty |2 slo | |
| 650 | 4 | |a Electrical contacts |2 eng | |
| 650 | 4 | |a materials |2 eng | |
| 650 | 4 | |a power contacts |2 eng | |
| 650 | 4 | |a measurement methods |2 eng | |
| 650 | 4 | |a resistance |2 eng | |
| 700 | 1 | |a Šály, Vladimír |u 032000 |k Z1 |4 ths |U FEI Fakulta elektrotechniky a informatiky |T FEI Ústav elektroenergetiky a aplikovanej elektrotechniky |X 3445 |U E020 |Y 548 |7 A000003445 | |
| 856 | 4 | |u http://is.stuba.sk/zp/portal_zp.pl?podrobnosti=178194 | |